Direct imaging of exoplanets-science and techniques (Record no. 16240)

MARC details
000 -LEADER
fixed length control field 01016nam a2200229Ia 4500
003 - CONTROL NUMBER IDENTIFIER
control field IN-BaIIA
008 - FIXED-LENGTH DATA ELEMENTS--GENERAL INFORMATION
fixed length control field 211028s9999 xx 000 0 eng d
020 ## - INTERNATIONAL STANDARD BOOK NUMBER
International Standard Book Number 0-521-85607-8
040 ## - CATALOGING SOURCE
Transcribing agency IIA Library
080 ## - UNIVERSAL DECIMAL CLASSIFICATION NUMBER
Universal Decimal Classification number 082.2:52
Item number IAU-C200
111 ## - MAIN ENTRY--MEETING NAME
Meeting name or jurisdiction name as entry element Colloquium of the International Astronomical Union
Number of part/section/meeting 200th
Location of meeting France
Date of meeting or treaty signing 2005 Oct. 3-7
9 (RLIN) 30043
245 #0 - TITLE STATEMENT
Title Direct imaging of exoplanets-science and techniques
Remainder of title proceedings of the 200th colloquium of the International Astronomical Union held in Villefranche Sur Mer, France, October 3-7, 2005
Statement of responsibility, etc. edited by Claude Aime and Farrokh Vakili
260 ## - PUBLICATION, DISTRIBUTION, ETC.
Place of publication, distribution, etc. Cambridge
Name of publisher, distributor, etc. Cambridge University Press
Date of publication, distribution, etc. 2006
300 ## - PHYSICAL DESCRIPTION
Extent xxv, 638p.
490 ## - SERIES STATEMENT
Series statement IAU colloquium; no. 200
650 ## - SUBJECT ADDED ENTRY--TOPICAL TERM
Topical term or geographic name entry element Extrasolar planets-congresses
9 (RLIN) 30044
650 ## - SUBJECT ADDED ENTRY--TOPICAL TERM
Topical term or geographic name entry element Imaging systems in astronomy - congresses.
9 (RLIN) 30045
700 ## - ADDED ENTRY--PERSONAL NAME
Personal name Aime, Claude, ed.
9 (RLIN) 30046
700 ## - ADDED ENTRY--PERSONAL NAME
Personal name Vakili, Farrokh, ed.
9 (RLIN) 30047
710 ## - ADDED ENTRY--CORPORATE NAME
Corporate name or jurisdiction name as entry element International Astronomical Union
942 ## - ADDED ENTRY ELEMENTS (KOHA)
Koha item type Books
Holdings
Withdrawn status Lost status Damaged status Not for loan Home library Current library Shelving location Date acquired Source of acquisition Cost, normal purchase price Total Checkouts Full call number Barcode Date last seen Cost, replacement price Price effective from Koha item type Purchase Price
        IIA Library-Bangalore IIA Library-Bangalore General Stacks 19/10/2006 EDS 4670.00   082.2:52/ IAU-C200 17162 05/11/2021 4670.00 19/10/2006 Books Rs. 4670.00

Powered by Koha